000 00433nam a22001577a 4500
003 CEME
005 20210628203554.0
008 210317b xxu||||| |||| 00| 0 eng d
020 _a0-7494-1381-6
040 _c.
082 _a658.4 TAF'N
100 _aTaffinder, Paul
_966322
245 _aThe new leaders , achieving corporate transformation through dynamics leadership
260 _aLONDON
_bKOGAN PAGE
_c1995
942 _cBK
_2ddc
999 _c574304
_d574304